|
|
|
|
| LEADER |
01124nam a2200289 a 4500 |
| 001 |
16081349 |
| 008 |
100216s1993 bg l 001 0 eng d |
| 010 |
|
|
|a 2010316442
|
| 040 |
|
|
|a DLC
|c DLC
|d DLC
|d BD-DhAA
|
| 082 |
0 |
0 |
|a 346.549201/5
|2 22
|
| 100 |
1 |
|
|a Chowdhury, Obaidul Huq.
|
| 110 |
2 |
|
|a Bangladesh.
|
| 245 |
1 |
4 |
|a The hand book of Muslim family laws /
|b with upto date amendments and exhaustive annotations, /
|c Obaidul Huq Chowdhury
|
| 246 |
1 |
4 |
|a Obaidul Huq Chowdhury's hand book of Muslim family laws.
|
| 246 |
1 |
8 |
|a Muslim family laws
|
| 250 |
|
|
|a 4th ed.
|
| 260 |
|
|
|a Dhaka :
|b Dhaka Law Reports,
|c 1993
|
| 300 |
|
|
|a xvi,220 p. ;
|c 25 cm.
|
| 546 |
|
|
|a Includes passages in Bengali.
|
| 504 |
|
|
|a Includes bibliographical references and index.
|
| 541 |
1 |
|
|e 00007531
|
| 650 |
|
0 |
|a Domestic relations
|z Bangladesh.
|
| 710 |
2 |
|
|a Dhaka Law Reports (Firm)
|
| 852 |
4 |
|
|a Ayesha Abed Library
|j General shelf
|
| 942 |
0 |
0 |
|0 1
|
| 999 |
|
|
|c 7579
|d 7579
|
| 952 |
|
|
|0 0
|1 0
|2 ddc
|4 0
|6 346_549201500000000_CHO_1993
|7 0
|9 8231
|a BRACUL
|b BRACUL
|c GEN
|d 2010-02-17
|l 11
|m 71
|o 346.5492015 CHO
|p 3010007531
|r 2025-07-30
|s 2025-07-10
|t 1
|w 2010-02-17
|y BK
|